<?xml version="1.0" encoding="UTF-8"?>
<record
    xmlns:xsi="http://www.w3.org/2001/XMLSchema-instance"
    xsi:schemaLocation="http://www.loc.gov/MARC21/slim http://www.loc.gov/standards/marcxml/schema/MARC21slim.xsd"
    xmlns="http://www.loc.gov/MARC21/slim">

  <leader>00804cam a22002651a 4500</leader>
  <datafield tag="999" ind1=" " ind2=" ">
    <subfield code="c">8779</subfield>
    <subfield code="d">8779</subfield>
  </datafield>
  <controlfield tag="001">9857041</controlfield>
  <controlfield tag="003">GBCCL</controlfield>
  <controlfield tag="005">20241126110658.0</controlfield>
  <controlfield tag="008">840515s1963    paua          000 0 eng  </controlfield>
  <datafield tag="010" ind1=" " ind2=" ">
    <subfield code="a">   64004213 </subfield>
  </datafield>
  <datafield tag="035" ind1=" " ind2=" ">
    <subfield code="a">(OCoLC)10735628</subfield>
  </datafield>
  <datafield tag="040" ind1=" " ind2=" ">
    <subfield code="a">DLC</subfield>
    <subfield code="c">IElgJ</subfield>
    <subfield code="d">DLC</subfield>
  </datafield>
  <datafield tag="042" ind1=" " ind2=" ">
    <subfield code="a">premarc</subfield>
  </datafield>
  <datafield tag="050" ind1="0" ind2="0">
    <subfield code="a">BV1522</subfield>
    <subfield code="b">.H4</subfield>
  </datafield>
  <datafield tag="082" ind1=" " ind2=" ">
    <subfield code="a">248.3</subfield>
    <subfield code="b">HER</subfield>
  </datafield>
  <datafield tag="100" ind1="1" ind2=" ">
    <subfield code="a">Herzel, Catherine.</subfield>
    <subfield code="9">7125</subfield>
  </datafield>
  <datafield tag="245" ind1="1" ind2="0">
    <subfield code="a">Helping children worship /</subfield>
    <subfield code="c">Catherine Herzel; Philip R. Hoh, editor.</subfield>
  </datafield>
  <datafield tag="260" ind1=" " ind2=" ">
    <subfield code="a">Philadelphia :</subfield>
    <subfield code="b">Lutheran Church Press,</subfield>
    <subfield code="c">c1963.</subfield>
  </datafield>
  <datafield tag="300" ind1=" " ind2=" ">
    <subfield code="a">142 p. :</subfield>
    <subfield code="b">ill. ;</subfield>
    <subfield code="c">21 cm.</subfield>
  </datafield>
  <datafield tag="490" ind1="0" ind2=" ">
    <subfield code="a">LCA leadership education series.</subfield>
  </datafield>
  <datafield tag="650" ind1=" " ind2="0">
    <subfield code="a">Worship (Religious education)</subfield>
    <subfield code="9">5994</subfield>
  </datafield>
  <datafield tag="700" ind1="1" ind2=" ">
    <subfield code="a">Hoh, Philip R.,</subfield>
    <subfield code="e">ed.</subfield>
    <subfield code="9">15441</subfield>
  </datafield>
  <datafield tag="906" ind1=" " ind2=" ">
    <subfield code="a">7</subfield>
    <subfield code="b">cbc</subfield>
    <subfield code="c">oclcrpl</subfield>
    <subfield code="d">u</subfield>
    <subfield code="e">ncip</subfield>
    <subfield code="f">19</subfield>
    <subfield code="g">y-gencatlg</subfield>
  </datafield>
  <datafield tag="942" ind1=" " ind2=" ">
    <subfield code="2">ddc</subfield>
    <subfield code="c">BK</subfield>
    <subfield code="0">1</subfield>
  </datafield>
  <datafield tag="952" ind1=" " ind2=" ">
    <subfield code="0">0</subfield>
    <subfield code="1">0</subfield>
    <subfield code="2">ddc</subfield>
    <subfield code="4">0</subfield>
    <subfield code="7">0</subfield>
    <subfield code="a">GBC</subfield>
    <subfield code="b">GBC</subfield>
    <subfield code="c">MNMS</subfield>
    <subfield code="d">2021-10-11</subfield>
    <subfield code="l">1</subfield>
    <subfield code="o">248.3 HER</subfield>
    <subfield code="p">004593</subfield>
    <subfield code="r">2025-05-01 00:00:00</subfield>
    <subfield code="s">2022-08-09</subfield>
    <subfield code="t">c.1</subfield>
    <subfield code="w">2021-10-11</subfield>
    <subfield code="y">BK</subfield>
  </datafield>
</record>
